La Eucaristía en la vida de la religiosa / (Record no. 61160)

MARC details
000 -LEADER
campo de control de longitud fija 00487nam a2200157 i 4500
001 - NÚMERO DE CONTROL
campo de control 61160
003 - IDENTIFICADOR DE NÚMERO DE CONTROL
campo de control ES-MaACL
005 - FECHA Y HORA DE LA ÚLTIMA TRANSACCIÓN
campo de control 20230906164402.0
007 - CAMPO FIJO DE DESCRIPCIÓN FÍSICA--INFORMACIÓN GENERAL
campo de control de longitud fija t|
008 - DATOS DE LONGITUD FIJA--INFORMACIÓN GENERAL
campo de control de longitud fija 031110s1971 sp ||||1| spa d
245 03 - MENCIÓN DEL TÍTULO
Título La Eucaristía en la vida de la religiosa /
Mención de responsabilidad, etc. J.M. Martín Patino...[et al.].
260 ## - PUBLICACIÓN, DISTRIBUCIÓN, ETC.
Lugar de publicación, distribución, etc. Madrid :
Nombre del editor, distribuidor, etc. Secretariado Nacional de Liturgia,
Fecha de publicación, distribución, etc. [1971]
300 ## - DESCRIPCIÓN FÍSICA
Extensión 279 p. ;
Dimensiones 22 cm.
700 1# - ENTRADA AGREGADA--NOMBRE PERSONAL
Nombre de persona Martín Patino, José María.
9 (RLIN) 77597
852 ## - LOCALIZACIÓN
Ubicación ES-MaACL
Número de control de estantería C-44197
Sublocalización o colección R.77845
Holdings
Estatus retirado Estado de pérdida Estado de daño No para préstamo Biblioteca de origen Biblioteca actual Ubicación en estantería Fecha de adquisición Fuente de adquisición Total de préstamos Signatura topográfica completa Código de barras Visto por última vez Precio de reemplazo Tipo de ítem Koha
        Biblioteca del Ateneo de Madrid Biblioteca del Ateneo de Madrid Depósito 2 17/01/2008     C-44197 1064134 23/02/2023 23/02/2023 Libro impreso